000 00329nam a2200133Ia 4500
008 151001s9999||||xx |||||||||||||| ||und||
100 _aना सी फडके
245 _aचाहूल
250 _a2
260 _bअंजली प्रकाशन पुणे
260 _c1954
300 _a305
365 _b8
999 _c950182
_d950179